Svatantyottar bharat me gramya vikasa aur Gandhi-Darshan (Record no. 1357)

MARC details
000 -LEADER
fixed length control field 00462nam a2200157Ia 4500
020 ## - INTERNATIONAL STANDARD BOOK NUMBER
ISBN 81-7099-246-x
082 ## - DEWEY DECIMAL CLASSIFICATION NUMBER
Classification number 307.14120954 PAN-; SL1
100 ## - MAIN ENTRY--AUTHOR NAME
Personal name Pandey, Keshav
245 #0 - TITLE STATEMENT
Title Svatantyottar bharat me gramya vikasa aur Gandhi-Darshan
260 ## - PUBLICATION, DISTRIBUTION, ETC. (IMPRINT)
Place of publication New Delhi
Name of publisher Mittal Publications
Year of publication 1991
300 ## - PHYSICAL DESCRIPTION
Number of Pages 199p.
650 ## - SUBJECT ADDED ENTRY--TOPICAL TERM
Topical Term Rural Development - India
650 ## - SUBJECT ADDED ENTRY--TOPICAL TERM
Topical Term India - Social conditions
650 ## - SUBJECT ADDED ENTRY--TOPICAL TERM
Topical Term GANDHI, MOHANDAS KARAMCHAND - Philosophy
942 ## - ADDED ENTRY ELEMENTS (KOHA)
Koha item type Books
Holdings
Withdrawn status Lost status Damaged status Not for loan Collection code Home library Current library Date acquired Bill Date Full call number Accession Number Price effective from Koha item type Public note
        हिंदी पुस्तकों पर विशेष संग्रह NASSDOC Library NASSDOC Library 08/06/2004 2008-12-30 307.14120954 PAN-; SL1 30812 18/04/2019 Books हिंदी पुस्तकों पर विशेष संग्रह